| 000 | 00000nas 2200000za 4500 |
| 001 | 9.846546 |
| 003 | CaOODSP |
| 005 | 20221107153229 |
| 007 | cr ||||||||||| |
| 008 | 171031d19831991oncar pso f0###a0eng|d |
| 022 | |y0825-0669 |
| 040 | |aCaOODSP|beng |
| 043 | |an-cn--- |
| 086 | 1 |aR1-97E-PDF |
| 110 | 1 |aCanada. |bIndian and Northern Affairs Canada. |
| 245 | 10|aAnnual report |h[electronic resource] / |cIndian and Northern Affairs Canada. |
| 260 | |a[Ottawa] : |bIndian and Northern Affairs Canada, |c1983-1991. |
| 310 | |aAnnual |
| 362 | 0 |aBegan with 1982/1983; ceased with 1990/1991. |
| 500 | |aTranscript of original print publication. |
| 500 | |aIssued also in French under title: Rapport annuel. |
| 500 | |aCover title. |
| 515 | |aReport year ends March 31. |
| 692 | 07|2gccst|aAboriginal affairs |
| 775 | 08|tRapport annuel |w(CaOODSP)9.846545 |
| 780 | 00|tAnnual review |w(CaOODSP)9.846544 |